Normal view
MARC view
Entry Topical Term
001 - CONTROL NUMBER
- control field: 2713
003 - CONTROL NUMBER IDENTIFIER
- control field: ARRUPE
005 - DATE AND TIME OF LATEST TRANSACTION
- control field: 20131022174923.0
008 - FIXED-LENGTH DATA ELEMENTS
- fixed length control field: 131022|| aca||aabn | a|a d
040 ## - CATALOGING SOURCE
- Original cataloging agency: ARRUPE
- Transcribing agency: ARRUPE
150 ## - HEADING--TOPICAL TERM
- Topical term or geographic name as entry element: Prayer
- General subdivision: Christianity
- General subdivision: History
- Chronological subdivision: Early church, ca. 30-600.
670 ## - SOURCE DATA FOUND
- Source citation: Work cat.: (ARRUPE)0: Bondi, Roberta C. 2712, To pray and to love :, c1991.